000 00682nam a2200241 a 4500
001 11861
003 BD-RjUL
005 20211208235208.0
008 270517r19941991ii a|||| |||| 001 0 eng d
020 _a8171791972 :
035 _a(BD-RjUL)11910
040 _aBD-RjUL
_beng
_cBD-RjUL
_dBD-RjUL
041 _aeng
082 0 4 _a572
_bMAB 1994
_223
100 1 _aMalhotra, V. K .
_936737
245 1 0 _aBiochemistry for students /
_cV. K. Malhotra
250 _a8th ed.
260 _aNew Delhi :
_bJaypee Brothers Medical Publishers,
_c1991 [Reprint 1994].
300 _a329 p. :
_bill. ;
_c22 cm.
500 _aInclude index.
650 _aBiochemistry
_936738
942 _2ddc
_cBK
999 _c11861
_d11861